Score 0/26 Timer 02:00
0 Plays Today
Hint Answer % Correct
___ by Northwest???
92.4%
The Wild, Wild ___???
90.5%
___ Side Story???
89.9%
___ Park???
84.8%
How the ___ Was Won???
80.1%
___ of Eden???
78.3%
The ___ Wing???
77.4%
___ to Alaska???
74.8%
___ Pacific???
71.4%
The ___ Beach Diet???
67.9%
Song of the ___???
59.5%
Born in ___ L.A.???
56.8%
Once Upon a Time in the ___???
55.1%
Hint Answer % Correct
___ End Girls???
45.7%
Goin' ___???
45.5%
___ Dallas Forty???
43.3%
Idlewild ___???
31.8%
Red Rock ___???
30.9%
___ Jesus Nowhere???
30.6%
Girl from the ___ Country???
29.5%
___ City Midnight Lady???
27.5%
Gates of the ___???
27.3%
Emperor of the ___???
26.7%
___ Northumberland High???
23.1%
___ of Broad???
19.1%
___ of the Fields???
18.5%

You're not logged in!

Compare scores with friends on all Sporcle quizzes.
OR
Log In

Sporcle TV

Today on Sporcle TV


Watch our educational content, quiz creation guides, and fun videos on Sporcle TV.

Show Comments

Extras

Top Quizzes Today


Score Distribution

Paid Content

Your Account Isn't Verified!

In order to create a playlist on Sporcle, you need to verify the email address you used during registration. Go to your Sporcle Settings to finish the process.

Report this User

Report this user for behavior that violates our Community Guidelines.

Details: